| LEADER |
00834nam0a2200205 450 |
| 001 |
16823703 |
| 010 |
|
|
|a 978-2-215-09457-9
|b Cart.
|d 7
|
| 100 |
|
|
|a 20080110d2008 u u0frey01 ba
|
| 101 |
0 |
|
|a fre
|
| 102 |
|
|
|a FR
|
| 200 |
0 |
|
|a Masques
|f Vanessa Lebailly
|g Photographies d'Olivier d'Huissier et ill. Christophe Boncens
|
| 207 |
|
1 |
|a
|
| 215 |
|
|
|a 40 p.
|c illustrations en couleur
|d 23 x 21 cm
|
| 330 |
|
|
|a Des idées de masques à faire soi-même avec des matériaux de récupération : papiers, cartons d'emballage, rouleau de papier toilette, etc.
|
| 700 |
|
0 |
|a Lebailly
|b Vanessa
|4 70
|
| 702 |
|
0 |
|a Huissier
|b Olivier d'
|4 600
|
| 702 |
|
0 |
|a Boncens
|b Christophe
|4 440
|
| 900 |
|
|
|a Documentaire jeunesse
|
| 901 |
|
|
|a Accessible au prêt
|
| 995 |
|
|
|a BD 13
|b 156
|c Bibliothèque
|f 00156006874432
|h 00156006874432
|k E 792.026 LEB
|o p
|q j
|r az
|e BD 13
|